Statistics for Countries with more than one T in their name

Click here to take the quiz!

General Stats

  • This quiz has been taken 41 times
  • The average score is 8 of 12

Answer Stats

Answer% Correct
United States
97%
Trinidad and Tobago
85%
Tajikistan
76%
Turkmenistan
73%
United Arab Emirates
73%
Democratic Republic of the Congo
70%
St Vincent and the Grenadines
61%
Liechtenstein
58%
St Kitts and Nevis
58%
Vatican City
55%
East Timor
52%
Federated States of Micronesia
45%

Score Distribution

Percentile by Number Answered

Percent of People with Each Score

Your Score History

You have not taken this quiz